| 000 | 00406nam a22001697a 4500 | ||
|---|---|---|---|
| 005 | 20180809104559.0 | ||
| 008 | 160511b xxu||||| |||| 00| 0 eng d | ||
| 020 | _a978-818054-554-2 | ||
| 041 | _aeng | ||
| 082 |
_b1245 _a658.3 |
||
| 100 |
_aPrasad, L.M. _9431 |
||
| 245 | _aHuman Resource Management | ||
| 260 |
_aSultan chand & sons _c2009 |
||
| 300 | _a807p, | ||
| 650 |
_aManagement _9241 |
||
| 942 | _cBK | ||
| 999 |
_c519 _d519 |
||